| 000 | 01269nam a2200313 c 4500 | ||
|---|---|---|---|
| 003 | BLK | ||
| 005 | 20190212131751.0 | ||
| 008 | 180409b bul|||||r ||||||| ||bul|| | ||
| 010 | _aKNG00101780000 | ||
| 020 |
_a954-8615-20-7 _bиздат.: Световна библиотека |
||
| 040 | _aBLK | ||
| 041 |
_aBUL _cBUL |
||
| 080 |
_aАнглийска литература _b821.111 _x-31 _z821.111-31 |
||
| 100 | 1 |
_aЪрскин, Барбара _eпърви автор _9367009 |
|
| 700 | 1 |
_aПетров, Пламен _eпрев. от англ. _9365416 |
|
| 139 |
_aЪрскин, Барбара _bЪ |
||
| 245 | 1 | 0 |
_aШепотът на пясъците _bРоман _cБарбара Ърскин; прев. от англ. Пламен Петров. |
| 257 | _aGBR | ||
| 260 |
_аСофия _bСветовна библиотека _c2002 _fСофия : Мултипринт |
||
| 300 |
_a320 с. _c20 см |
||
| 380 | _aX | ||
| 500 | _aОриг. загл. Whispers in the Sand / Barbara Erskine. - Съдържа и За авторката. | ||
| 653 | _aромани | ||
| 852 | _aЦб 211765 | ||
| 856 | 4 |
_qpdf _u |
|
| 856 | 4 |
_qpdf _u |
|
| 942 |
_cKNG _n0 _05 |
||
| 944 |
_aCR _c01.01.2002 _lф / _kЛюдмила_Стоянова |
||
| 944 |
_aED _c17.11.2015 _lф / _kЛюдмила_Стоянова |
||
| 999 |
_c96875 _d96875 |
||